[Event "Match"]
[Site "www.echecsemail.com"]
[Date "2017.05.16"]
[Round "1"]
[White "Orae"]
[Black "Pinehill"]
[WhiteElo "1760"]
[BlackElo "1950"]
[Result "0-1"]
[Round "1"]
1.e4 d5
2.e5 c5
3.Ng1f3 Bc8f5
4.Bf1b5 Nb8c6
5.O-O e6
6.Bb5xc6 bxc6
7.d3 h6
8.Nb1c3 Ng8e7
9.Rf1e1 Bf5h7
10.d4 Ne7f5
11.Nc3a4 cxd4
12.g4 Nf5e7
13.Na4c5 Ne7g6
14.b4 Bf8xc5
15.bxc5 O-O
16.Nf3xd4 Qd8c7
17.a4 Ra8e8
18.Qd1e2 Ng6e7
19.a5 g5
20.a6 Bh7e4
21.c4 Ne7g6
22.f3 Ng6f4
23.Bc1xf4 gxf4
24.fxe4 Qc7xe5
25.Nd4xc6 Qe5c7
26.cxd5 exd5
27.Qe2b5 dxe4
28.Nc6b4 f3
29.Re1f1 Qc7f4
30.Nb4d5 Qf4xg4
31.Kf2 Qg4h4
32.Ke3 f5
33.Rf1g1 Kh8
34.Nd5f4 Re8b8
35.Qb5c4 Rf8g8
36.Nf4g6 Rg8xg6
37.Rg1xg6 Qh4e7
38.Qc4d4 Kh7
39.Ra1g1 Rb8b3
40.Kd2 Rb3d3
41.Ke1 Rd3xd4
{ resign }
0-1

[Event "Match"]
[Site "www.echecsemail.com"]
[Date "2017.05.16"]
[Round "1"]
[White "Fangshuo"]
[Black "Motorhead99"]
[WhiteElo "2090"]
[BlackElo "1750"]
[Result "0-1"]
[Round "1"]
1.e4 d6
2.d4 Ng8f6
3.Nb1c3 c6
4.Bc1g5 Nb8d7
5.e5 dxe5
6.dxe5 Nd7xe5
7.Qd1xd8 Kxd8
8.Bg5xf6 exf6
9.O-O-O Ke8
10.h3 Bc8e6
11.Bf1e2 Bf8c5
12.f4 Ne5g6
13.g3 Bc5e3
14.Kb1 Ra8d8
15.Rd1xd8 Kxd8
16.Ng1f3 Kc7
17.h4 h5
18.Rh1d1 Rh8d8
19.Rd1xd8 Kxd8
20.Nc3d1 Be3b6
21.c4 a6
22.b4 Ke7
23.c5 Bb6c7
24.Nd1e3 Ng6f8
25.Nf3d4 g6
26.f5 Be6d7
27.g4 hxg4
28.Be2xg4 Bc7f4
29.Ne3c4 gxf5
30.Bg4f3 Bf4g3
31.h5 Nf8h7
32.Nc4d6 Bg3xd6
33.cxd6 Kxd6
34.Bf3g2 f4
35.Bg2f3 Nh7g5
36.Kc2 Ng5xf3
37.Nd4xf3 Bd7f5
38.Kc3 Kd5
39.a3 Bf5h7
{ resign }
0-1

[Event "1/128 Finale"]
[Site "www.chess-mail.com"]
[Date "2017.05.16"]
[Round "1"]
[White "Said1991"]
[Black "Vasylpuzanov"]
[WhiteElo "1809"]
[BlackElo "1690"]
[Result "1-0"]
[Round "1"]
1.e4 e5
2.Ng1f3 Nb8c6
3.Bf1b5 a6
4.Bb5a4 Ng8f6
5.O-O b5
6.Ba4b3 Bf8c5
7.Qd1e2 O-O
8.c3 d6
9.h3 h6
10.Rf1d1 Rf8e8
11.Bb3c2 Bc8b7
12.d4 Bc5b6
13.d5 Nc6e7
14.Nb1d2 Ne7g6
15.g3 Qd8d7
16.Kh2 Nf6h7
17.Nd2f1 Bb7c8
18.Nf3g1  { time }
1-0

[Event "1/128 Finale"]
[Site "www.chess-mail.com"]
[Date "2017.05.16"]
[Round "1"]
[White "Vasylpuzanov"]
[Black "Loper10"]
[WhiteElo "1610"]
[BlackElo "2730"]
[Result "0-1"]
[Round "1"]
1.d4 Ng8f6
2.c4 e6
3.Nb1c3 d5
4.cxd5 exd5
5.Ng1f3 Bf8b4
6.Bc1d2 c5
7.e3 Nb8c6
8.Bf1b5 O-O
9.O-O Bc8g4
10.Bb5xc6 bxc6
11.h3 cxd4
 { time }
0-1

[Event "1/64 Finale"]
[Site "www.chess-mail.com"]
[Date "2017.05.16"]
[Round "1"]
[White "Llord"]
[Black "Add"]
[WhiteElo "1960"]
[BlackElo "2210"]
[Result "0-1"]
[Round "1"]
1.e4 d6
2.d4 c6
3.Bf1c4 e6
4.d5 cxd5
5.exd5 e5
6.Ng1f3 Ng8f6
7.Bc1g5 Bf8e7
8.O-O a6
9.a4 h6
10.Bg5h4 Qd8b6
11.b3 Bc8g4
12.h3 Bg4h5
13.Qd1d3 Nb8d7
14.Nb1c3 Nd7c5
15.Qd3e3 Qb6d8
16.Ra1d1 e4
17.Nf3d2 Bh5xd1
18.Nc3xd1 O-O
19.b4 Nc5xa4
20.Bh4xf6 Be7xf6
21.Nd2xe4 Rf8e8
22.Ne4xf6 Qd8xf6
23.Qe3a3 b5
24.Bc4b3 Na4c3
25.Nd1xc3 Qf6xc3
26.Kh2 Re8e1
27.Rf1xe1 Qc3xe1
28.f3 Qe1c3
29.Qa3a5 Qc3e5
30.Kg1 Qe5g3
31.Qa5c7 Ra8e8
32.Qc7c3 Re8e1
{ resign }
0-1

[Event "Fast Game"]
[Site "www.echecsemail.com"]
[Date "2017.05.16"]
[Round "1"]
[White "Attatroll"]
[Black "Leonger"]
[WhiteElo "1810"]
[BlackElo "1919"]
[Result "0-1"]
[Round "1"]
1.d4 d5
2.c4 c6
3.Ng1f3 Ng8f6
4.e3 Bc8g4
5.Bf1e2 e6
6.O-O Nb8d7
7.Nb1c3 Bg4xf3
8.Be2xf3 Bf8e7
9.c5 b6
10.b4 a5
11.b5 cxb5
12.c6 Nd7b8
13.Nc3xb5 Nb8xc6
14.a4 O-O
15.Bc1a3 Be7xa3
16.Ra1xa3 Ra8c8
17.Ra3c3 Qd8d7
18.Qd1c1 Nc6b4
19.Qc1b2 Rc8xc3
20.Qb2xc3 Rf8c8
21.Qc3b3 Qd7c6
22.h3 Qc6c2
23.Qb3xc2 Rc8xc2
24.Rf1a1 Nb4d3
25.Ra1f1 Rc2a2
26.Nb5d6 Ra2xa4
27.Rf1b1 Ra4b4
28.Rb1a1 Rb4b2
29.Nd6c8 g5
30.Nc8e7 Kg7
31.Ra1f1 a4
32.Ne7c6 a3
33.Nc6e5 a2
34.Ne5xd3 Rb2b1
35.Nd3b4 Rb1xf1
36.Kxf1 a1Q
{ resign }
0-1

[Event "Tourn. n9351"]
[Site "www.chess-mail.com"]
[Date "2017.05.17"]
[Round "1"]
[White "Cernunnoss"]
[Black "Sorento"]
[WhiteElo "2120"]
[BlackElo "2340"]
[Result "0-1"]
[Round "1"]
1.e4 c5
2.Ng1f3 d6
3.d4 cxd4
4.Nf3xd4 Ng8f6
5.Nb1c3 g6
6.Bc1e3 Bf8g7
7.f3 O-O
8.Qd1d2 Nb8c6
 { time }
0-1

[Event "Tourn. n9191"]
[Site "www.chess-mail.com"]
[Date "2017.05.17"]
[Round "1"]
[White "Lucaschess"]
[Black "Vasylpuzanov"]
[WhiteElo "1499"]
[BlackElo "1450"]
[Result "1-0"]
[Round "1"]
1.e4 c5
2.Nb1c3 Nb8c6
3.f4 e6
4.Bf1b5 a6
5.Bb5xc6 bxc6
6.Ng1f3 Ng8f6
7.d3 d5
8.O-O Bf8e7
9.Nf3e5 Bc8d7
10.g4 O-O
11.g5 Nf6e8
12.Nc3a4 Ra8b8
13.c4 f6
14.gxf6 Ne8xf6
15.Na4c3 d4
16.Nc3e2 Qd8e8
17.Ne2g3 Be7d6
18.Ne5xd7 Nf6xd7
19.e5 Bd6e7
20.Qd1g4 Qe8g6
21.Qg4xg6 hxg6
22.Ng3e4 Rf8f5
23.b3 Rb8f8
24.Bc1d2 Rf5h5
25.Rf1f3 Nd7xe5
26.Rf3g3 Be7h4
27.fxe5 Bh4xg3
28.hxg3 Rh5xe5
29.Bd2f4  { time }
1-0

[Event "Tourn. n9336"]
[Site "www.chess-mail.com"]
[Date "2017.05.17"]
[Round "1"]
[White "Sorento"]
[Black "Mitja"]
[WhiteElo "2250"]
[BlackElo "2020"]
[Result "1-0"]
[Round "1"]
1.e4 d5
2.exd5 Qd8xd5
3.Nb1c3 Qd5d8
4.d4 e6
5.Ng1f3 c6
6.Bf1c4 h6
7.Bc1e3 Ng8f6
8.h3 Nb8d7
9.Qd1d2 Bf8b4
10.O-O Bb4a5
11.Bc4d3 Nf6d5
12.a3 Nd5xc3
13.bxc3 Nd7f6
14.Ra1b1 Nf6d5
15.Rb1b3 Nd5xe3
16.Qd2xe3 Ba5c7
17.c4 b6
18.Nf3e5 Bc7xe5
19.Qe3xe5 O-O
20.Qe5e4 g6
21.Qe4xc6 Bc8a6
22.Qc6e4 Ra8c8
23.Rb3b4 Qd8d7
24.c3 Ba6b7
25.Qe4f4 Kg7
26.Qf4e5 Kh7
27.h4 h5
28.Qe5xh5 Kg7
29.Qh5e5 f6
30.Qe5g3 Qd7f7
31.Rf1e1 Rf8h8
32.c5 bxc5
33.Rb4xb7 { resign }
1-0

[Event "Tourn. n9325"]
[Site "www.chess-mail.com"]
[Date "2017.05.17"]
[Round "1"]
[White "Chessington"]
[Black "Conde7"]
[WhiteElo "2330"]
[BlackElo "2860"]
[Result "1/2-1/2"]
[Round "1"]
1.Ng1f3 Ng8f6
2.g3 d5
3.Bf1g2 c5
4.O-O e6
5.d3 Nb8c6
6.Nb1d2 Bf8e7
7.e4 O-O
8.Rf1e1 h6
9.c3 Qd8c7
10.exd5 exd5
11.Nd2f1 Qc7b6
12.Ra1b1 Bc8e6
13.Bc1f4 d4
14.a3 Ra8d8
15.Nf3e5 Nc6xe5
16.Bf4xe5 Nf6d7
17.Be5f4 Rf8e8
18.Qd1f3 Be7d6
19.Nf1d2 Be6a2
20.Rb1d1 Qb6xb2
21.c4 Re8xe1
22.Rd1xe1 b5
23.Bf4xh6 gxh6
24.Qf3g4 Kf8
25.Nd2e4 Bd6e7
26.Qg4h5 { draw }
1/2-1/2

[Event "Tourn. n9324"]
[Site "www.chess-mail.com"]
[Date "2017.05.17"]
[Round "1"]
[White "Vasylpuzanov"]
[Black "Passaroa25"]
[WhiteElo "1690"]
[BlackElo "1610"]
[Result "0-1"]
[Round "1"]
1.e4 c6
2.d4 d6
3.f4 e6
4.Ng1f3 h6
5.c4 Ng8e7
6.Bf1d3 Nb8d7
7.O-O Nd7b6
8.b3 g6
9.Nb1c3 Bf8g7
10.e5 Ne7f5
11.Qd1e1 O-O
12.Bc1b2 h5
13.Ra1d1 Nf5h6
14.h3 Nh6f5
 { time }
0-1

[Event "Tourn. n9361"]
[Site "www.chess-mail.com"]
[Date "2017.05.17"]
[Round "1"]
[White "Prize64"]
[Black "Cjood"]
[WhiteElo "2120"]
[BlackElo "2050"]
[Result "1-0"]
[Round "1"]
1.Ng1f3 d5
2.d4 c5
3.dxc5 Nb8c6
4.c4 d4
5.e3 dxe3
6.Qd1xd8 Nc6xd8
7.Bc1xe3 Nd8c6
8.Nb1c3 Bc8f5
9.Nf3d4 Nc6xd4
10.Be3xd4 O-O-O
11.O-O-O f6
12.Bf1e2 e5
13.Bd4e3 Rd8xd1
14.Rh1xd1 Ng8e7
15.b4 a6
16.Kb2 Ne7c6
17.a3 g6
18.Nc3d5 Bf8g7
19.b5 axb5
20.cxb5 Nc6a5
21.Be3d2 Bf5e4
22.Bd2xa5 Be4xg2
23.Nd5b6 Kb8
24.Rd1d7 Rh8g8
25.Be2c4 { resign }
1-0

[Event "Tourn. n9304"]
[Site "www.chess-mail.com"]
[Date "2017.05.17"]
[Round "1"]
[White "Cal"]
[Black "Libiesse"]
[WhiteElo "1730"]
[BlackElo "1890"]
[Result "1-0"]
[Round "1"]
1.Ng1f3 d5
2.d4 e6
3.a3 Ng8f6
4.Nb1c3 c5
5.Bc1g5 Nb8d7
6.h3 Bf8e7
7.e3 cxd4
8.exd4 O-O
9.Bf1d3 a6
10.Bg5xf6 Nd7xf6
11.O-O b5
12.b4 Qd8c7
13.Nc3e2 Bc8b7
14.Nf3e5 Ra8c8
15.f4 Nf6e8
16.Ne2g3 Ne8d6
17.Ra1c1 Qc7c3
18.Qd1h5 f5
19.Ne5d7 Qc3xd4
20.Kh2 Rf8f7
21.Rc1d1 Qd4c3
22.Nd7e5 Rf7f6
23.Qh5h4 Rc8c7
24.Ng3h5 Rf6h6
25.Nh5f6 Be7xf6
26.Qh4g3 Bf6xe5
27.fxe5 Nd6f7
28.Rf1f3 Qc3xe5
29.Rf3f4 Rh6g6
30.Qg3f2 d4
31.g3  { time }
1-0

[Event "Tourn. n9341"]
[Site "www.chess-mail.com"]
[Date "2017.05.17"]
[Round "1"]
[White "Claymil"]
[Black "Balbyns"]
[WhiteElo "2030"]
[BlackElo "1850"]
[Result "0-1"]
[Round "1"]
1.c4 e5
2.Nb1c3 Ng8f6
3.g3 Bf8c5
4.e3 Nb8c6
5.a3 d5
6.cxd5 Nf6xd5
7.Bf1g2 Bc8e6
8.Ng1e2 O-O
9.b4 Bc5b6
10.Bc1b2 a6
11.O-O Nd5xc3
12.Ne2xc3 Qd8d7
13.Nc3a4 Bb6a7
14.Ra1c1 Be6d5
15.f3 Qd7e6
16.Na4c5 Ba7xc5
17.Rc1xc5 Bd5c4
18.d3 Bc4b3
19.Qd1d2 Ra8d8
20.Qd2c3 f6
21.h4 Bb3a4
22.Kh2 Qe6b3
23.Qc3xb3 Ba4xb3
24.Rc5c3 Bb3a4
25.g4 Rd8d6
26.Rf1f2 Rf8d8
27.Rf2d2 Ba4b5
28.Bg2f1 Rd8d7
29.Kg2 Nc6e7
30.e4 Ne7g6
31.Kg3 Ng6f4
32.g5 Bb5xd3
33.Bf1xd3 Rd6xd3
34.Rd2xd3 Nf4xd3
35.Bb2a1 c6
36.Kg4 Nd3f4
37.gxf6 gxf6
38.Kf5 Kf7
39.Rc3c1 h5
40.Rc1c3 Nf4e6
{ resign }
0-1

[Event "Tourn. n9369"]
[Site "www.chess-mail.com"]
[Date "2017.05.17"]
[Round "1"]
[White "Balbyns"]
[Black "Attatroll"]
[WhiteElo "1890"]
[BlackElo "2060"]
[Result "1-0"]
[Round "1"]
1.e4 d6
2.Ng1f3 Ng8f6
3.Nb1c3 g6
4.h3 Bf8g7
5.d4 O-O
6.Bf1c4 Nb8c6
7.O-O Nf6xe4
8.Nc3xe4 d5
9.Bc4xd5 Qd8xd5
10.Ne4c3 Qd5d8
11.Bc1e3 a6
12.Qd1d2 Bc8f5
13.a3 Nc6a5
14.Qd2e2 Na5c6
15.Ra1d1 Qd8d7
16.Rd1d2 Ra8d8
17.Rf1d1 Nc6a5
18.d5 b5
19.Be3d4 Na5c4
20.Bd4xg7 Kxg7
21.Nf3e5 Nc4xe5
22.Qe2xe5 Kg8
23.Qe5f4 Rf8e8
24.g4 e5
25.dxe6 Qd7xe6
26.Rd2xd8 Qe6e1
27.Rd1xe1 { resign }
1-0

[Event "Tourn. n9324"]
[Site "www.chess-mail.com"]
[Date "2017.05.17"]
[Round "1"]
[White "Redabond"]
[Black "Passaroa25"]
[WhiteElo "1670"]
[BlackElo "1610"]
[Result "0-1"]
[Round "1"]
1.d4 c6
2.Bc1f4 d5
3.Nb1c3 Bc8e6
4.e3 f6
5.Bf1d3 Be6f7
6.Ng1f3 Nb8d7
7.O-O Nd7b6
8.e4 e6
9.e5 Qd8c7
10.Qd1d2 Qc7d7
11.exf6 gxf6
12.Nc3b5 cxb5
13.Qd2e2 Ng8e7
 { time }
0-1

[Event "Tourn. n9384"]
[Site "www.chess-mail.com"]
[Date "2017.05.17"]
[Round "1"]
[White "Guidom"]
[Black "Cjood"]
[WhiteElo "2090"]
[BlackElo "1970"]
[Result "1-0"]
[Round "1"]
1.e4 c5
2.Ng1f3 d5
3.exd5 Qd8xd5
4.Nb1c3 Qd5d8
5.Bf1b5 Bc8d7
6.Qd1e2 Nb8c6
7.O-O Nc6b4
8.d4 cxd4
9.Nf3xd4 Ng8f6
10.Bb5xd7 Qd8xd7
11.Bc1g5 Qd7xd4
12.Ra1d1 Qd4b6
13.Qe2c4 Nb4xc2
14.Bg5xf6 gxf6
15.Nc3d5 Qb6d6
16.Nd5c7 { resign }
1-0

[Event "Tourn. n9346"]
[Site "www.chess-mail.com"]
[Date "2017.05.17"]
[Round "1"]
[White "Cal"]
[Black "Azulmarino"]
[WhiteElo "1700"]
[BlackElo "1570"]
[Result "1-0"]
[Round "1"]
1.d4 d5
2.h3 Bc8f5
3.a3 Nb8c6
4.e3 Ng8f6
5.Bf1b5 Nf6e4
6.Ng1f3 e6
7.b4 Bf8d6
8.Bb5xc6 bxc6
9.Bc1b2 O-O
10.Nb1c3 Ne4xc3
11.Bb2xc3 Bf5e4
12.Qd1e2 h6
13.O-O Qd8f6
14.Nf3e5 Qf6g5
15.g3 f6
16.Ne5d7 Qg5f5
17.Nd7xf8 Bd6xf8
18.g4 Qf5g5
19.f4 Qg5h4
20.Kh2 g5
21.fxg5 Bf8d6
22.Rf1f4 fxg5
23.Bc3e1 Bd6xf4
24.exf4 Be4f3
25.Qe2xf3 gxf4
26.Be1xh4 { resign }
1-0

[Event "Tourn. n9365"]
[Site "www.chess-mail.com"]
[Date "2017.05.17"]
[Round "1"]
[White "Thrillerfan"]
[Black "Cjood"]
[WhiteElo "2180"]
[BlackElo "2140"]
[Result "1-0"]
[Round "1"]
1.e4 c5
2.Ng1f3 e6
3.d4 g6
4.Nb1c3 Qd8b6
5.d5 Bf8g7
6.Qd1d3 exd5
7.Nc3xd5 Qb6c6
8.Bc1f4 d6
9.Qd3b5 Kd7
10.e5 Ng8e7
11.Nd5xe7 Kxe7
12.exd6 Kd8
13.O-O-O Bc8d7
14.Qb5b3 Bd7e6
15.Qb3b5 Qc6xb5
16.Bf1xb5 a6
17.Bb5d3 Nb8c6
18.a3 b5
19.Rh1e1 c4
20.Bd3e4 Ra8c8
21.Nf3g5 Kd7
22.Bf4g3 Bg7h6
23.f4 f5
24.Be4xc6 Rc8xc6
25.Ng5xe6 Rc6xd6
26.Ne6g5 Bh6xg5
27.Rd1xd6 Kxd6
28.fxg5 Kd5
29.Re1d1 Ke6
30.Rd1d6 Ke7
31.Rd6xa6 Rh8d8
32.Bg3e5 Rd8d5
33.Be5f6 Kf7
34.g3 Rd5d7
35.Ra6b6 Rd7d5
36.Rb6b7 { resign }
1-0

[Event "Tourn. n9360"]
[Site "www.chess-mail.com"]
[Date "2017.05.17"]
[Round "1"]
[White "Osopanda"]
[Black "Cjood"]
[WhiteElo "1850"]
[BlackElo "2050"]
[Result "0-1"]
[Round "1"]
1.d4 c6
2.c4 e5
3.Nb1c3 exd4
4.Qd1xd4 Ng8f6
5.e4 b6
6.Ng1f3 Qd8e7
7.Bf1e2 h6
 { time }
0-1

[Event "Match"]
[Site "www.echecsemail.com"]
[Date "2017.05.17"]
[Round "1"]
[White "Rindrandria"]
[Black "Ranjachess"]
[WhiteElo "1670"]
[BlackElo "1880"]
[Result "0-1"]
[Round "1"]
1.e4 e5
2.Bf1b5 a6
3.Bb5c4 Ng8f6
4.d4 d6
5.Bc1g5 Bf8e7
6.f3 O-O
7.d5 c6
8.Bc4b3 cxd5
9.Bb3xd5 Nf6xd5
10.Bg5xe7 Nd5xe7
11.c4 Bc8e6
12.b3 Nb8c6
13.h4 Nc6d4
14.h5 b5
15.f4 f5
16.h6 g6
17.Ng1f3 fxe4
18.Nf3xd4 exd4
19.Qd1xd4 Ne7f5
20.Qd4xe4 Qd8f6
21.O-O Nf5g3
22.Qe4e1 Ng3xf1
23.Kxf1 Ra8e8
24.Kg1 Qf6xa1
25.Qe1e4 Be6f5
26.Qe4b7 Qa1xb1
27.Kh2 Qb1b2
28.Qb7xa6 Re8e3
29.Kg1 Re3g3
30.Qa6b7 Rf8e8
31.Qb7g7 Qb2xg7
32.hxg7 Re8e3
33.Kf2 Bf5e4
34.cxb5 Be4xg2
35.b6 Bg2e4
36.b4 Re3c3
37.a4 Rg3g2
38.Kf1 Rc3c1

0-1

[Event "Match"]
[Site "www.echecsemail.com"]
[Date "2017.05.17"]
[Round "1"]
[White "Coraza"]
[Black "Pinehill"]
[WhiteElo "1840"]
[BlackElo "1980"]
[Result "0-1"]
[Round "1"]
1.Ng1f3 Ng8f6
2.Nb1c3 e6
3.a3 c5
4.d3 d5
5.Bc1g5 Nb8c6
6.d4 h6
7.Bg5h4 Bf8d6
8.Bh4g3 Bd6xg3
9.hxg3 Qd8e7
10.Qd1d2 O-O
11.O-O-O b6
12.Rd1e1 Bc8a6
13.e4 Ba6xf1
14.Re1xf1 dxe4
15.Nf3h4 Nc6xd4
16.f4 Ra8d8
17.Qd2e1 Qe7b7
18.f5 exf5
19.Nh4xf5 Rf8e8
20.Nc3b5 Nd4xb5
21.Qe1e2 Nb5d4
22.Qe2f2 Nd4xf5
23.Qf2xf5 Qb7d5
24.Qf5h3 Nf6h7
25.Qh3g4 e3
26.Kb1 e2
27.Rf1e1 Nh7g5
28.Rh1g1 Qd5d4
29.Qg4xd4 Rd8xd4
30.c3 Rd4g4
31.c4 Rg4xc4
32.b3 Rc4g4
33.Kc2 Rg4xg3
34.a4 Ng5f3
35.gxf3 Rg3xg1
36.Kd2 Rg1xe1
{ resign }
0-1

[Event "Match"]
[Site "www.echecsemail.com"]
[Date "2017.05.17"]
[Round "1"]
[White "Cjood"]
[Black "Billyg"]
[WhiteElo "1890"]
[BlackElo "1690"]
[Result "1-0"]
[Round "1"]
1.Ng1f3 d6
2.e4 a6
3.Bf1c4 Bc8g4
4.Bc4xf7 Kxf7
5.Nf3g5 Ke8
6.Qd1xg4 Ng8h6
7.Qg4e6 Nb8c6
8.c3 Qd8d7
9.d4 Qd7xe6
10.Ng5xe6 Kd7
11.Ne6f4 e5
12.dxe5 dxe5
13.Nf4d5 Ra8e8
14.O-O Bf8c5
15.b4 Bc5d6
16.Nd5e3 Rh8f8
17.Nb1d2 a5
18.b5 Nc6a7
19.c4 Bd6c5
20.Ne3d5 Nh6g4
21.Nd2f3 c6
22.h3 Ng4f6
23.Nd5xf6 Rf8xf6
24.Bc1b2 h6
25.Nf3xe5 Kd6
26.Ne5g4 Rf6e6
27.Bb2xg7 cxb5
28.cxb5 Na7xb5
29.e5 Kc6
30.Bg7xh6 Nb5d4
31.Kh1 Nd4f5
32.Bh6f4 Re8f8
33.Ng4e3 Nf5xe3
34.Bf4xe3 Bc5xe3
35.fxe3 Rf8xf1
36.Ra1xf1 Re6xe5
37.Rf1f3 b5
38.g4 a4
39.h4 b4
40.h5 b3
41.axb3 axb3
42.h6 b2
43.Rf3f1 Re5xe3
44.Kg2 Re3c3
45.Rf1b1 Rc3c4
46.Kf3 Rc4b4
47.h7 Rb4b8
48.g5 Kc5
49.Rb1xb2 Rb8f8
50.Kg4 Rf8f7
51.h8Q { resign }
1-0

[Event "Match"]
[Site "www.echecsemail.com"]
[Date "2017.05.17"]
[Round "1"]
[White "Chapi"]
[Black "Cjood"]
[WhiteElo "2130"]
[BlackElo "1900"]
[Result "1-0"]
[Round "1"]
1.d4 e6
2.c4 c5
3.d5 exd5
4.cxd5 h6
5.e4 Ng8f6
6.Nb1c3 a6
7.Ng1f3 Qd8e7
8.Bf1d3 b5
9.O-O d6
10.Rf1e1 Qe7b7
11.e5 dxe5
12.Nf3xe5 Kd8
13.Qd1f3 Bf8d6
14.Bc1f4 Bd6xe5
15.Bf4xe5 Nb8d7
16.Be5xf6 Nd7xf6
17.Nc3e4 Bc8g4
18.Qf3f4 Nf6xe4
19.Bd3xe4 Qb7d7
20.f3 Bg4h5
21.Ra1d1 g5
22.Qf4f6 Kc7
23.d6 Kb6
24.Be4xa8 Rh8xa8
25.Re1e7 Qd7c6
26.Qf6xh6 Bh5xf3
27.gxf3 Qc6xf3
28.d7 Ka5
29.Qh6xg5 Qf3xd1
30.Kf2 Qd1d4
31.Ke1 Ra8d8
32.Qg5d2 Kb6
33.Qd2xd4 cxd4
34.h4 Kc6
35.h5 Kd6
36.Re7xf7 Ke6
37.Rf7g7 Kf6
38.h6 Rd8h8
39.Rg7h7 Rh8d8
40.Rh7g7 a5
41.Kd2 Rd8f8
42.Kd3 Ke5
43.h7 { resign }
1-0

[Event "Match"]
[Site "www.echecsemail.com"]
[Date "2017.05.17"]
[Round "1"]
[White "Pellix84"]
[Black "Motorhead99"]
[WhiteElo "2050"]
[BlackElo "1770"]
[Result "1/2-1/2"]
[Round "1"]
1.d4 d5
2.c4 c6
3.cxd5 cxd5
4.Bc1f4 Nb8c6
5.e3 e6
6.Nb1c3 Bf8b4
7.Qd1c2 Ng8f6
8.Ng1f3 O-O
9.Bf1d3 Bc8d7
10.O-O Bb4xc3
11.Qc2xc3 Ra8c8
12.Qc3b3 Nc6a5
13.Qb3b4 b6
14.Nf3e5 Bd7e8
15.Ra1c1 Rc8xc1
16.Rf1xc1 Nf6h5
17.Bf4g3 Nh5xg3
18.hxg3 f6
19.Ne5f3 Be8g6
20.Bd3b5 Rf8f7
21.Nf3e1 Rf7c7
22.Ne1d3 Bg6xd3
23.Rc1xc7 Qd8xc7
24.Bb5xd3 Qc7c1
25.Kh2 Qc1d1
26.Qb4b5 Qd1h5
27.Kg1 Qh5d1
28.Bd3f1 Kf8
29.Qb5d7 Na5c4
30.Qd7xa7 Nc4d2
31.Qa7a6 Nd2xf1
32.Qa6xf1 Qd1c2
33.a4 Qc2xb2
34.Qf1a6 Qb2c1
35.Kh2 Qc1c7
36.e4 dxe4
37.Qa6a8 Kf7
38.Qa8xe4 g6
39.f4 h5
40.Qe4e2 Qc7d6
41.Qe2c4 { draw }
1/2-1/2

[Event "Match"]
[Site "www.echecsemail.com"]
[Date "2017.05.17"]
[Round "1"]
[White "Ketchuplover"]
[Black "Gimmyg"]
[WhiteElo "1790"]
[BlackElo "2410"]
[Result "0-1"]
[Round "1"]
1.Ng1f3 c5
2.g3 Nb8c6
3.d4 cxd4
4.Nf3xd4 Ng8f6
5.Bf1g2 e5
6.Nd4b3 d5
7.O-O h6
8.Nb1c3 Bc8e6
9.e3 Bf8e7
10.f4 exf4
11.exf4 Qd8b6
12.Kh1 d4
13.Nc3e4 O-O
14.Bc1d2 a5
15.a4 Nf6xe4
16.Bg2xe4 d3
17.Be4xd3 Be6d5
18.Rf1f3 Qb6f2
19.Bd3e2 Ra8d8
20.Qd1f1 Bd5xf3
21.Be2xf3 Rd8xd2
22.Nb3xd2 Qf2xd2
23.Bf3xc6 bxc6
24.Ra1c1 Rf8d8
25.c3 Qd2xb2
{ resign }
0-1

[Event "Match"]
[Site "www.echecsemail.com"]
[Date "2017.05.17"]
[Round "1"]
[White "Menace"]
[Black "Markos123"]
[WhiteElo "2290"]
[BlackElo "1830"]
[Result "1-0"]
[Round "1"]
1.e4 e5
2.f4 Nb8c6
3.Bf1b5 exf4
4.Ng1f3 Ng8f6
5.d3 Bf8d6
6.Nb1c3 a6
7.Bb5a4 Nc6e5
8.Bc1xf4  { time }
1-0

[Event "1/32 Finale"]
[Site "www.chess-mail.com"]
[Date "2017.05.17"]
[Round "1"]
[White "Danquigley"]
[Black "Vasylpuzanov"]
[WhiteElo "2540"]
[BlackElo "1770"]
[Result "1-0"]
[Round "1"]
1.e4 e6
2.d4 d5
3.Nb1c3 Ng8f6
4.e5 Nf6d7
5.Qd1g4 g6
6.Bc1g5 Bf8e7
7.Ng1f3 h6
8.Bg5xe7 Qd8xe7
9.Bf1d3 a6
10.O-O b6
11.Nc3e2 Bc8b7
12.c3 Nb8c6
13.Ne2f4 O-O-O
14.b4 Nc6a7
15.a4 Rd8g8
16.Nf3d2 h5
17.Qg4e2 Nd7b8
18.Rf1e1 Qe7g5
19.Nf4h3 Qg5h6
20.f4 Qh6f8
21.Nh3g5  { time }
1-0

[Event "1/32 Finale"]
[Site "www.chess-mail.com"]
[Date "2017.05.17"]
[Round "1"]
[White "Lucaschess"]
[Black "Senitram"]
[WhiteElo "2030"]
[BlackElo "2670"]
[Result "0-1"]
[Round "1"]
1.e4 c5
2.Nb1c3 Nb8c6
3.f4 g6
4.Ng1f3 Bf8g7
5.Bf1b5 Ng8h6
6.d3 Nc6d4
7.O-O O-O
8.Bb5c4 e6
9.h3 b6
10.g4 Bc8b7
11.g5 d5
12.gxh6 Nd4xf3
13.Qd1xf3 Bg7xc3
14.bxc3 dxc4
15.Qf3g3 cxd3
16.cxd3 f5
17.exf5 Rf8xf5
18.Bc1b2 c4
19.dxc4 Qd8c8
20.Ra1e1 Qc8c6
21.Kh2 Ra8d8
22.Re1e2 Qc6xc4
23.Rf1e1 Rd8d3
24.Qg3h4 Rf5h5
25.Qh4g4 Rd3xh3
26.Qg4xh3 Qc4xf4
{ resign }
0-1

[Event "Fast Game"]
[Site "www.echecsemail.com"]
[Date "2017.05.17"]
[Round "1"]
[White "Attatroll"]
[Black "Hennie4820"]
[WhiteElo "1810"]
[BlackElo "1610"]
[Result "1-0"]
[Round "1"]
1.e4 c5
2.b3 Nb8c6
3.Bc1b2 e6
4.g4 Ng8f6
5.g5 Nf6xe4
6.h4 Ne4d6
7.Bf1g2 f6
8.Ng1f3 e5
9.gxf6 Qd8xf6
10.Nb1c3 Qf6d8
11.O-O Bf8e7
12.h5 O-O
13.Nc3d5 e4
14.Nf3e5 Nc6xe5
15.Bb2xe5 Rf8f5
16.Nd5xe7 Qd8xe7
17.Be5xd6 Qe7xd6
18.Bg2xe4 Rf5xh5
19.Qd1xh5 { resign }
1-0

[Event "Tourn. n9348"]
[Site "www.chess-mail.com"]
[Date "2017.05.18"]
[Round "1"]
[White "Claymil"]
[Black "Bojan"]
[WhiteElo "2070"]
[BlackElo "1960"]
[Result "1-0"]
[Round "1"]
1.c4 d5
2.cxd5 Qd8xd5
3.Nb1c3 Qd5d8
4.g3 c6
5.Bf1g2 Ng8f6
6.Qd1c2 g6
7.e3 Bc8e6
8.Ng1e2 Bf8g7
9.O-O Be6g4
10.h3 Bg4e6
11.d4 Qd8d7
12.Kh2 Qd7d6
13.Ne2f4 Be6f5
14.e4 g5
15.exf5 gxf4
16.Bc1xf4 Qd6xd4
17.Ra1d1 Qd4b6
18.Nc3a4 Qb6a5
19.Rf1e1 Nf6d5
20.Bg2xd5 cxd5
21.Qc2c8 Qa5d8
22.Qc8xd8 Kxd8
23.Rd1xd5 Ke8
24.Re1d1 Nb8c6
25.b3 Bg7f6
26.Na4c5 b6
27.Nc5e4 Bf6b2
28.Bf4h6 Rh8g8
29.Rd1e1 Ra8d8
30.Rd5xd8 Kxd8
31.Ne4g5 Nc6e5
32.f4 Ne5c6
33.Ng5xf7 Ke8
34.Nf7e5 Nc6d4
35.Re1b1 Bb2a3
36.g4 Nd4b5
37.Rb1d1 Ba3d6
38.Rd1c1 Kd8
39.a4 Nb5d4
40.Ne5f7 Kd7
41.Nf7xd6 exd6
42.b4 a6
43.Rc1d1 Nd4c2
44.b5 Nc2e3
45.Rd1c1 axb5
46.axb5 Ne3d5
47.Kg3 Nd5c7
48.Rc1c6 Nc7xb5
49.Rc6xb6 Nb5d4
50.Kh4 Nd4f3
51.Kh5 Ke7
52.Rb6b7 Kf6
53.Rb7xh7 d5
54.Rh7d7 d4
55.h4 Rg8h8
56.Rd7d6 Ke7
57.Rd6d5 Rh8g8
58.g5 Rg8d8
59.f6 Ke8
60.f7 Ke7
61.Rd5xd8 { resign }
1-0

[Event "Tourn. n9313"]
[Site "www.chess-mail.com"]
[Date "2017.05.18"]
[Round "1"]
[White "Robinjut"]
[Black "Insearchof"]
[WhiteElo "1590"]
[BlackElo "1499"]
[Result "0-1"]
[Round "1"]
1.e4 c5
2.Ng1f3 d6
3.h3 Ng8f6
4.Nb1c3 g6
5.Bf1c4 Bf8g7
6.d3 O-O
7.Bc1g5 Nb8c6
8.O-O Nc6a5
9.Nc3d5 Nf6xd5
10.Bc4xd5 Bg7xb2
11.Ra1b1 Bb2g7
12.a4 h6
13.Bg5e3 e6
14.Bd5b3 Na5xb3
15.Rb1xb3 Qd8c7
16.Qd1d2 Kh7
17.c4 Bc8d7
18.Rf1a1 Bd7c6
19.g4 Bg7xa1
20.Be3xh6 Ba1g7
21.Nf3g5 Kg8
22.Bh6xg7 Kxg7
23.Qd2c3 e5
24.f3 Qc7e7
25.Kg2 Qe7xg5
26.Qc3a5 Rf8h8
27.Qa5c7 Qg5d2
28.Kg3 Rh8xh3
{ resign }
0-1

[Event "Tourn. n9318"]
[Site "www.chess-mail.com"]
[Date "2017.05.18"]
[Round "1"]
[White "Ditto"]
[Black "Crull"]
[WhiteElo "1670"]
[BlackElo "1800"]
[Result "1-0"]
[Round "1"]
1.e4 c5
2.Nb1c3 Nb8c6
3.Bf1b5 Nc6d4
4.Bb5c4 d6
5.Bc4d5 e6
6.Bd5c4 e5
7.Ng1f3 Ng8f6
8.d3 Bc8g4
9.Bc1g5 Bf8e7
10.Bc4b5 Nf6d7
11.Bg5xe7 Qd8xe7
12.Bb5a4 O-O
13.Nc3d5 Qe7d8
14.O-O Nd4xf3
15.gxf3 Bg4h5
16.Ba4b3 Qd8g5
17.Kh1 Nd7f6
18.Rf1g1 Qg5h4
19.Nd5e7  { time }
1-0

[Event "Tourn. n9331"]
[Site "www.chess-mail.com"]
[Date "2017.05.18"]
[Round "1"]
[White "Crull"]
[Black "Ll69"]
[WhiteElo "1840"]
[BlackElo "1679"]
[Result "0-1"]
[Round "1"]
1.d4 e6
2.e4 d5
3.e5 c5
4.Ng1f3 Nb8c6
5.Bc1e3 cxd4
6.Be3xd4 Nc6xd4
7.Qd1xd4 Ng8e7
8.Nb1c3 Ne7c6
9.Bf1b5 Bf8e7
10.O-O O-O
11.Nc3e2 Nc6xd4
12.Ne2xd4 f6
13.exf6 Be7xf6
14.Rf1e1 Bf6xd4
15.Nf3xd4 Qd8b6
 { time }
0-1

[Event "Tourn. n9351"]
[Site "www.chess-mail.com"]
[Date "2017.05.18"]
[Round "1"]
[White "Cjood"]
[Black "Cernunnoss"]
[WhiteElo "2020"]
[BlackElo "2120"]
[Result "1-0"]
[Round "1"]
1.e3 d5
2.Bf1b5 c6
3.Bb5a4 Ng8f6
4.h3 Bc8f5
5.b4 e6
6.d3 Bf8xb4
7.Bc1d2 Bb4xd2
8.Qd1xd2  { time }
1-0

[Event "Tourn. n9347"]
[Site "www.chess-mail.com"]
[Date "2017.05.18"]
[Round "1"]
[White "Albertf"]
[Black "Jjmcbride"]
[WhiteElo "1840"]
[BlackElo "1810"]
[Result "1-0"]
[Round "1"]
1.d4 d5
2.c4 e6
3.e3 Ng8f6
4.Nb1c3 Nf6e4
5.Qd1c2 Bf8b4
6.a3 Bb4xc3
7.bxc3 f5
8.f3  { time }
1-0